00824nam a2200193 i 4500001000300000100002000003245018300023260004100206650005400247710008900301040000800390041000800398080001200406942000700418008004100425999001700466856009800483952004900581bg1 aSZARRAS, Henryk10aProblemy brytyjskiego szkolnictwa wyższego w latach osiemdziesiątych /cHenryk Szarras ; Ministerstwo Edukacji Narodowej. Instytut Polityki Naukowej i Szkolnictwa Wyższego. aWarszawa ;aŁódź :bPWN,c1989. 9aSzkolnictwo wyższezWielka Brytaniayod 1980 r.0 aMinisterstwo Edukacji NarodowejbInstytut Polityki Naukowej i Szkolnictwa Wyższego cBPK0 apol a378(41) cKS s pl f |000 0 pol  c35522d35522 uhttp://koha.tu.koszalin.pl/cgi-bin/koha/opac-detail.pl?biblionumber=35522yKatalog online BPK 00104070aBPKbBPKcwoS 291p02327204yKS